Normal view
MARC view
- BAKKE, E. WIGHT,KERR, CLARK
Entry Personal Name
001 - CONTROL NUMBER
- control field: 60520
003 - CONTROL NUMBER IDENTIFIER
- control field: NUST
005 - DATE AND TIME OF LATEST TRANSACTION
- control field: 20210628202550.0
008 - FIXED-LENGTH DATA ELEMENTS
- fixed length control field: 210628|| aca||aabn | a|a d
040 ## - CATALOGING SOURCE
- Original cataloging agency: NUST
- Transcribing agency: NUST
100 ## - HEADING--PERSONAL NAME
- Personal name: BAKKE, E. WIGHT,KERR, CLARK
670 ## - SOURCE DATA FOUND
- Source citation: Work cat.: (NUST): BAKKE, E. WIGHT,KERR, CLARK, UNIONS MANAGEMENT AND THE PUBLIC, 1949
